Manufacturing processes for design professionals / (Record no. 353801)

000 -LEADER
fixed length control field 01171cam a22003377a 4500
001 - CONTROL NUMBER
control field 14706364
003 - CONTROL NUMBER IDENTIFIER
control field OSt
005 - DATE AND TIME OF LATEST TRANSACTION
control field 20180116192418.0
008 - FIXED-LENGTH DATA ELEMENTS--GENERAL INFORMATION
fixed length control field 070122s2007 nyua b 001 0 eng
010 ## - LIBRARY OF CONGRESS CONTROL NUMBER
LC control number 2007921449
015 ## - NATIONAL BIBLIOGRAPHY NUMBER
National bibliography number GBA751237
Source bnb
016 7# - NATIONAL BIBLIOGRAPHIC AGENCY CONTROL NUMBER
Record control number 013783829
Source Uk
020 ## - INTERNATIONAL STANDARD BOOK NUMBER
International Standard Book Number 9780500513750 (hbk.)
020 ## - INTERNATIONAL STANDARD BOOK NUMBER
International Standard Book Number 0500513759 (hbk.)
035 ## - SYSTEM CONTROL NUMBER
System control number (OCoLC)ocn153555771
040 ## - CATALOGING SOURCE
Original cataloging agency UKM
Transcribing agency UKM
Modifying agency BTCTA
-- BAKER
-- YDXCP
-- ZQP
-- TXA
-- SUC
-- DLC
042 ## - AUTHENTICATION CODE
Authentication code lccopycat
050 00 - LIBRARY OF CONGRESS CALL NUMBER
Classification number TS183
Item number .T47 2007
082 04 - DEWEY DECIMAL CLASSIFICATION NUMBER
Classification number 670
Edition number 22
100 1# - MAIN ENTRY--PERSONAL NAME
Personal name Thompson, Rob
Titles and words associated with a name (Designer)
9 (RLIN) 6980
245 10 - TITLE STATEMENT
Title Manufacturing processes for design professionals /
Statement of responsibility, etc. Rob Thompson.
260 ## - PUBLICATION, DISTRIBUTION, ETC.
Place of publication, distribution, etc. New York :
Name of publisher, distributor, etc. Thames & Hudson,
Date of publication, distribution, etc. c2007.
300 ## - PHYSICAL DESCRIPTION
Extent 528 p. :
Other physical details col. ill. ;
Dimensions 29 cm.
500 ## - GENERAL NOTE
General note Includes bibliographical references (p. 516-518) and index.
650 #0 - SUBJECT ADDED ENTRY--TOPICAL TERM
Topical term or geographic name entry element Manufacturing processes.
9 (RLIN) 6981
650 #0 - SUBJECT ADDED ENTRY--TOPICAL TERM
Topical term or geographic name entry element Industrial design.
9 (RLIN) 6982
906 ## - LOCAL DATA ELEMENT F, LDF (RLIN)
a 7
b cbc
c copycat
d 2
e ncip
f 20
g y-gencatlg
942 ## - ADDED ENTRY ELEMENTS (KOHA)
Source of classification or shelving scheme
Koha item type Book
Holdings
Withdrawn status Lost status Source of classification or shelving scheme Damaged status Not for loan Permanent Location Current Location Date acquired Total Checkouts Full call number Barcode Date last seen Cost, replacement price Price effective from Koha item type
          School of Art Design and Architecture (SADA) School of Art Design and Architecture (SADA) 06/20/2013   670 THO 2007 SADA0002074 01/05/2017 6654.96 01/05/2017 Book
© 2023 Central Library, National University of Sciences and Technology. All Rights Reserved.